Education in rural and city school systems: (Record no. 22167)

MARC details
000 -LEADER
fixed length control field 00905cam a22002291 4500
001 - CONTROL NUMBER
control field e 52000008
003 - CONTROL NUMBER IDENTIFIER
control field DLC
005 - DATE AND TIME OF LATEST TRANSACTION
control field 20260227111234.0
008 - FIXED-LENGTH DATA ELEMENTS--GENERAL INFORMATION
fixed length control field 860422s1952 dcua s f000 0 eng c
010 ## - LIBRARY OF CONGRESS CONTROL NUMBER
LC control number e 52000008
035 ## - SYSTEM CONTROL NUMBER
System control number (OCoLC)13470495
040 ## - CATALOGING SOURCE
Original cataloging agency U.S. Office of Education. Library
Transcribing agency PScU
Modifying agency DLC
042 ## - AUTHENTICATION CODE
Authentication code premarc
050 00 - LIBRARY OF CONGRESS CALL NUMBER
Classification number L111
Item number .A72 no. 329
100 1# - MAIN ENTRY--PERSONAL NAME
Personal name Smith, Rose Marie.
245 10 - TITLE STATEMENT
Title Education in rural and city school systems:
Remainder of title some statistical indices for 1947-48.
260 ## - PUBLICATION, DISTRIBUTION, ETC.
Place of publication, distribution, etc. [Washington]
Name of publisher, distributor, etc. Federal Security Agency, Office of Education
Date of publication, distribution, etc. [1952]
300 ## - PHYSICAL DESCRIPTION
Extent 13 p.
Other physical details tables.
Dimensions 26 cm.
410 10 - SERIES STATEMENT/ADDED ENTRY--CORPORATE NAME [OBSOLETE, CAN/MARC], [LOCAL, USA]
Corporate name or jurisdiction name as entry element United States.
Subordinate unit Office of Education.
Title of a work Circular
Volume number/sequential designation no. 329
501 ## - WITH NOTE
With note With: How large are our public high schools? / Walter H. Gaumnitz. Washington : U.S. Govt. Print. Off., 1949. Bound subsequent to publication.
Institution to which field applies DLC
650 #0 - SUBJECT ADDED ENTRY--TOPICAL TERM
Topical term or geographic name entry element Education
Geographic subdivision United States
Form subdivision Statistics.

No items available.

Powered by Koha